INTERNATIONAL MANAGEMENT STRATEGY AND CU (Record no. 14952)
[ view plain ]
| 000 -LEADER | |
|---|---|
| fixed length control field | 00373nam a2200133Ia 4500 |
| 008 - FIXED-LENGTH DATA ELEMENTS--GENERAL INFORMATION | |
| fixed length control field | 240624s9999 xx 000 0 und d |
| 041 ## - LANGUAGE CODE | |
| Language code of text/sound track or separate title | eng |
| 082 ## - DEWEY DECIMAL CLASSIFICATION NUMBER | |
| Classification number | 658.049 AHL |
| 100 ## - MAIN ENTRY--PERSONAL NAME | |
| Personal name | AHLSTROM DAVID |
| 245 ## - TITLE STATEMENT | |
| Title | INTERNATIONAL MANAGEMENT STRATEGY AND CU |
| 260 ## - PUBLICATION, DISTRIBUTION, ETC. | |
| Date of publication, distribution, etc. | 2010 |
| Place of publication, distribution, etc. | Australia |
| Name of publisher, distributor, etc. | South-Western Cengage Learning |
| 300 ## - PHYSICAL DESCRIPTION | |
| Extent | xvii, : 504 : p. : cm. ; 27 |
| 365 ## - TRADE PRICE | |
| Currency code | |
| Price amount | 30 |
| Withdrawn status | Lost status | Damaged status | Not for loan | Home library | Current library | Shelving location | Date acquired | Source of acquisition | Cost, normal purchase price | Total Holds | Full call number | Barcode | Date last seen | Copy number | Price effective from | Koha item type |
|---|---|---|---|---|---|---|---|---|---|---|---|---|---|---|---|---|
| IMTN | IMTN | Rack 20-B | 03/30/2010 | BWE | 30.00 | 8969 | 658.049 AHL | 14952 | 06/24/2024 | 48.9 | 06/24/2024 | Books |